The Merchant of Venice / (Record no. 35492)
[ view plain ]
| 000 -LEADER | |
|---|---|
| fixed length control field | 00338nam a2200121 a 4500 |
| 005 - DATE AND TIME OF LATEST TRANSACTION | |
| control field | 20140311130135.0 |
| 008 - FIXED-LENGTH DATA ELEMENTS--GENERAL INFORMATION | |
| fixed length control field | 020826s19uu xx 00 eng d |
| 100 ## - MAIN ENTRY--PERSONAL NAME | |
| Personal name | Shakespeare, William |
| 245 ## - TITLE STATEMENT | |
| Title | The Merchant of Venice / |
| Statement of responsibility, etc | William Shakespeare. |
| 260 ## - PUBLICATION, DISTRIBUTION, ETC. (IMPRINT) | |
| Place of publication, distribution, etc | New York : |
| Name of publisher, distributor, etc | Washington Square Press, |
| Date of publication, distribution, etc | 1957. |
| 942 ## - ADDED ENTRY ELEMENTS (KOHA) | |
| Koha item type | Books |
No items available.